| 000 | 00000nam##2200000za#4500 |
| 001 | 9.695834 |
| 003 | CaOODSP |
| 005 | 20210624234745 |
| 007 | cr ||||||||||| |
| 008 | 150407|1999||||xxc|||||o f|0| 0 eng|d |
| 040 | |aCaOODSP|beng |
| 043 | |an-cn--- |
| 086 | 1 |aSE1-2/1999-1E-PDF |
| 110 | 1 |aCanada.|bElections Canada. |bChief Electoral Officer of Canada. |
| 245 | 10|aReport of the Chief Electoral Officer of Canada following the Windsor-St. Clair by-election |h[electronic resource] |
| 260 | |aOttawa - Ontario : |bElections Canada. |cc1999. |
| 300 | |a21p.|bfig., graph, tables |
| 500 | |aThe catalogue number (SE1-2/1999-1) and ISBN (0-662-64296-1) for the bilingual print edition have been incorrectly copied in this electronic publication. |
| 520 | 3 |a"This report to the Speaker of the House of Commons, following the by-election in the electoral district of Windsor–St. Clair on April 12, 1999, describes the by-election and Elections Canada’s activities since the Sherbrooke by-election on September 14, 1998."--p.6 of 21. |
| 590 | |a12-05-Supp|b2012-03-02 |
| 690 | 07|aBy-elections|2gcpds |
| 775 | 08|tRapport du directeur général des élections du Canada sur l'élection partielle dans Windsor-St. Clair |w(CaOODSP)9.639931 |
| 776 | 0#|tReport of the Chief Electoral Officer of Canada following the Windsor-St. Clair by-election.|w(CaOODSP)9.661053 |
| 776 | 0#|tRapport du directeur général des élections du Canada sur l'élection partielle dans Windsor-St. Clair.|w(CaOODSP)9.661054 |
| 856 | 40|ahttp://publications.gc.ca|qPDF|s565 KB|uhttps://publications.gc.ca/collections/Collection/SE1-2-1999-1E.pdf |
| 986 | |aEC 94312 |